[Event "IECC CL4-2001.21"]
[Site "IECC email"]
[Date "2001.06.28"]
[Round "?"]
[White "Dunn, Paul Michael"]
[Black "Hort, Wolfgang"]
[Result "1/2-1/2"]
[WhiteElo "1640"]
[BlackElo "1617"]
[PlyCount "44"]
[EventDate "2001.??.??"]
[EventType "tourn (corr)"]
[EventRounds "4"]
[SourceTitle "Corr 2008"]
[Source "ChessBase"]
[SourceDate "2008.06.24"]
[SourceVersion "1"]
[SourceVersionDate "2008.06.24"]
[SourceQuality "1"]

1. e4 c5 2. Nf3 d6 3. d4 cxd4 4. Nxd4 Nf6 5. Nc3 a6 6. Bc4 e6 7. 0-0 Be7 8. Bb3 b5 9. a3 Bb7 10. Re1 Qc8 11. Bg5 Nbd7 12. Ba2 Ne5 13. Qe2 Qc5 14. Qd2 Nc4 15. Bxc4 bxc4 16. b4 cxb3 17. cxb3 h6 18. Bh4 Rc8 19. Na4 Qh5 20. Qb4 Rc7 21. Bxf6 Bxf6 22. Rac1 a5 1/2-1/2

[Event "IECC CL4-2001.21"]
[Site "IECC email"]
[Date "2001.06.28"]
[Round "?"]
[White "Jasinski, Jim"]
[Black "Dunn, Paul Michael"]
[Result "1-0"]
[WhiteElo "1689"]
[BlackElo "1626"]
[PlyCount "69"]
[EventDate "2001.??.??"]
[EventType "tourn (corr)"]
[EventRounds "4"]
[SourceTitle "Corr 2008"]
[Source "ChessBase"]
[SourceDate "2008.06.24"]
[SourceVersion "1"]
[SourceVersionDate "2008.06.24"]
[SourceQuality "1"]

1. d4 Nf6 2. c4 g6 3. Nc3 d5 4. cxd5 Nxd5 5. e4 Nxc3 6. bxc3 Bg7 7. Nf3 c5 8. Be2 Nc6 9. Be3 cxd4 10. cxd4 Bg4 11. d5 Bxf3 12. Bxf3 Ne5 13. Be2 0-0 14. f4 Nd7 15. Rc1 Nf6 16. Bd3 Qa5+ 17. Qd2 Qxd2+ 18. Bxd2 Rac8 19. Ke2 Rfd8 20. a4 b6 21. Rc6 Rxc6 22. dxc6 Rc8 23. Rc1 Kf8 24. Ba6 Rc7 25. e5 Nd5 26. Bc4 e6 27. Bxd5 exd5 28. Bb4+ Ke8 29. Bd6 Rc8 30. Kd3 h5 31. g3 Bh6 32. Kd4 g5 33. Kxd5 gxf4 34. gxf4 Bxf4 35. Rg1 1-0

[Event "IECC TH-T email"]
[Site "IECC email"]
[Date "2001.03.03"]
[Round "?"]
[White "Dunn, Paul Michael"]
[Black "Pac, Maciej"]
[Result "1-0"]
[WhiteElo "1663"]
[BlackElo "1644"]
[PlyCount "41"]
[EventDate "2001.??.??"]
[EventType "match (corr)"]
[EventRounds "2"]
[SourceTitle "Corr 2008"]
[Source "ChessBase"]
[SourceDate "2008.06.24"]
[SourceVersion "1"]
[SourceVersionDate "2008.06.24"]
[SourceQuality "1"]

1. e4 c5 2. Nf3 d6 3. d4 cxd4 4. Nxd4 Nf6 5. Nc3 a6 6. Bc4 e6 7. Bb3 Be7 8. Be3 Nbd7 9. 0-0 Nc5 10. f3 Qc7 11. a3 Nxb3 12. cxb3 Bd7 13. Rc1 Bc6 14. b4 Qd8 15. Qd2 d5 16. Nxc6 bxc6 17. Rfe1 a5 18. b5 cxb5 19. Nxb5 Bd6 20. Qc3 0-0 21. Nxd6 1-0

[Event "IECC M email"]
[Site "IECC email"]
[Date "2001.01.28"]
[Round "?"]
[White "Dunn, Paul Michael"]
[Black "Mann, Derek"]
[Result "1-0"]
[WhiteElo "1657"]
[BlackElo "1827"]
[PlyCount "83"]
[EventDate "2001.??.??"]
[EventType "tourn (corr)"]
[EventRounds "6"]
[SourceTitle "Corr 2008"]
[Source "ChessBase"]
[SourceDate "2008.06.24"]
[SourceVersion "1"]
[SourceVersionDate "2008.06.24"]
[SourceQuality "1"]

1. e4 c5 2. Nf3 e6 3. Nc3 a6 4. d4 cxd4 5. Nxd4 Qc7 6. Bd3 Bd6 7. Nf3 Nc6 8. 0-0 b6 9. Be3 Nf6 10. h3 0-0 11. a3 Ne5 12. Na4 b5 13. Nb6 Rb8 14. Nxc8 Rfxc8 15. Nxe5 Bxe5 16. c3 d5 17. exd5 Nxd5 18. Qh5 h6 19. Qg4 Nxe3 20. fxe3 Rd8 21. Rad1 Bh2+ 22. Kh1 Bg3 23. Qe4 g6 24. Qg4 Kg7 25. Rxf7+ Qxf7 26. Qxg3 Qe8 27. Qe5+ Kh7 28. Qc7+ Kg8 29. Rd2 Qf7 30. Qg3 Qg7 31. Rf2 g5 32. Bc2 Rb6 33. Qg4 Rf8 34. Rxf8+ Qxf8 35. Qe4 Kf7 36. Qg6+ Ke7 37. Qh7+ Kd8 38. Qg6 Rd6 39. Kh2 Rd2 40. Qxe6 Qe7 41. Qf5 Rxc2 42. Qd3+ 1-0

[Event "IECC Swiss email"]
[Site "IECC email"]
[Date "2000.08.06"]
[Round "?"]
[White "Perez, Maria Jose"]
[Black "Dunn, Paul Michael"]
[Result "1-0"]
[WhiteElo "1883"]
[BlackElo "1678"]
[PlyCount "63"]
[EventDate "2000.??.??"]
[EventType "tourn (corr)"]
[EventRounds "6"]
[SourceTitle "Corr 2008"]
[Source "ChessBase"]
[SourceDate "2008.06.24"]
[SourceVersion "1"]
[SourceVersionDate "2008.06.24"]
[SourceQuality "1"]

1. d4 Nf6 2. c4 g6 3. Nf3 d5 4. Nc3 Bg7 5. cxd5 Nxd5 6. e4 Nxc3 7. bxc3 c5 8. Be3 Qa5 9. Qd2 Nc6 10. Rb1 cxd4 11. cxd4 Qxd2+ 12. Kxd2 0-0 13. Bd3 Rd8 14. d5 Ne5 15. Nxe5 Bxe5 16. f4 Bd6 17. Rhc1 e5 18. g3 b6 19. fxe5 Bxe5 20. Rb4 Bg4 21. Ba6 f5 22. Bg5 Rd6 23. Bc8 a5 24. Rbc4 b5 25. Rc7 b4 26. Bf4 Bxf4+ 27. gxf4 fxe4 28. Bxg4 Rxd5+ 29. Ke3 Re8 30. Be2 Rf5 31. Rd1 Rh5 32. Bxh5 1-0

[Event "IECC M email"]
[Site "IECC email"]
[Date "2000.03.15"]
[Round "?"]
[White "Koolsbergen, Nico"]
[Black "Dunn, Paul Michael"]
[Result "1-0"]
[WhiteElo "1861"]
[BlackElo "1729"]
[PlyCount "71"]
[EventDate "2000.??.??"]
[EventType "tourn (corr)"]
[EventRounds "2"]
[SourceTitle "Corr 2008"]
[Source "ChessBase"]
[SourceDate "2008.06.24"]
[SourceVersion "1"]
[SourceVersionDate "2008.06.24"]
[SourceQuality "1"]

1. c4 Nf6 2. Nf3 g6 3. Nc3 Bg7 4. e4 c5 5. d4 cxd4 6. Nxd4 0-0 7. Be2 Nc6 8. Be3 b6 9. 0-0 Bb7 10. Nxc6 Bxc6 11. Qb3 Nxe4 12. Nxe4 Bxe4 13. Rad1 d6 14. Bd4 e5 15. Be3 Re8 16. Qa3 Re6 17. c5 bxc5 18. Bc4 Rf6 19. Bg5 Rf3 20. Bxf7+ Kxf7 21. Qa4 Qxg5 22. Qxe4 Rd8 23. Qxf3+ Qf4 24. Qd5+ Kf8 25. Rfe1 Bf6 26. Re3 Qg4 27. h3 Qc8 28. Rb3 e4 29. Rb7 Rd7 30. Rxd7 Qxd7 31. Qxc5 dxc5 32. Rxd7 Bxb2 33. Rxa7 h5 34. a4 c4 35. Rc7 c3 36. a5 1-0

[Event "IECC Swiss email"]
[Site "IECC email"]
[Date "2000.02.07"]
[Round "?"]
[White "Bryant, Barry"]
[Black "Dunn, Paul Michael"]
[Result "1/2-1/2"]
[WhiteElo "1495"]
[BlackElo "1707"]
[PlyCount "85"]
[EventDate "2000.??.??"]
[EventType "tourn (corr)"]
[EventRounds "6"]
[SourceTitle "Corr 2008"]
[Source "ChessBase"]
[SourceDate "2008.06.24"]
[SourceVersion "1"]
[SourceVersionDate "2008.06.24"]
[SourceQuality "1"]

1. e4 c5 2. Nc3 d6 3. Nf3 Nf6 4. d4 cxd4 5. Nxd4 a6 6. Bg5 e6 7. Be2 Be7 8. 0-0 Nxe4 9. Bxe7 Nxc3 10. Bxd8 Nxd1 11. Bf6 gxf6 12. Raxd1 Ke7 13. Bf3 Nd7 14. Rfe1 Ne5 15. Bh5 d5 16. f4 Nc4 17. Nf5+ Kf8 18. b3 Nb2 19. Rb1 exf5 20. Rxb2 Be6 21. c3 Rc8 22. Re3 Ke7 23. Rbe2 Kd6 24. Kf2 b5 25. a3 Rc7 26. Ke1 Rhc8 27. Kd2 d4 28. cxd4 Rc2+ 29. Ke1 R8c3 30. Rxc3 Rxc3 31. Rb2 Kd5 32. g3 Kxd4 33. Bd1 Re3+ 34. Kd2 Rd3+ 35. Kc1 a5 36. Rd2 Rxd2 37. Kxd2 Bd5 38. Bc2 Be4 39. Bd1 Bd5 40. Bc2 Be4 41. Bd1 b4 42. axb4 axb4 43. Be2 1/2-1/2

[Event "IECC CL3-2000.14"]
[Site "IECC email"]
[Date "2000.02.05"]
[Round "?"]
[White "Dunn, Paul Michael"]
[Black "Lacey, Edward"]
[Result "0-1"]
[WhiteElo "1719"]
[BlackElo "1812"]
[PlyCount "112"]
[EventDate "2000.??.??"]
[EventType "tourn (corr)"]
[EventRounds "4"]
[SourceTitle "Corr 2008"]
[Source "ChessBase"]
[SourceDate "2008.06.24"]
[SourceVersion "1"]
[SourceVersionDate "2008.06.24"]
[SourceQuality "1"]

1. c4 Nf6 2. d4 g6 3. g3 Bg7 4. Bg2 0-0 5. Nc3 d6 6. Nf3 Nbd7 7. e4 e5 8. d5 Nc5 9. Qc2 Ne8 10. 0-0 f5 11. b4 fxe4 12. Nxe4 Nxe4 13. Qxe4 Rxf3 14. Bxf3 Bf5 15. Qe2 e4 16. Bxe4 Bxe4 17. Bb2 Bxb2 18. Qxb2 Bd3 19. Rfd1 Bxc4 20. Rac1 Bb5 21. Qb3 Nf6 22. a4 Be8 23. b5 Ne4 24. Qc4 Nc5 25. Rc3 a6 26. Re1 axb5 27. axb5 Ra4 28. Qe2 Re4 29. Re3 Rxe3 30. fxe3 Ne4 31. Rc1 Qe7 32. Qc4 Nc5 33. e4 Qxe4 34. Qxe4 Nxe4 35. Rxc7 Nc5 36. Rc8 Kf7 37. b6 Bd7 38. Ra8 Kf6 39. Kf2 Ke5 40. Rh8 h5 41. Rg8 Bf5 42. h3 Kxd5 43. g4 hxg4 44. hxg4 Bxg4 45. Rxg6 Bd7 46. Rg1 Kc6 47. Rd1 Na4 48. Rc1+ Kxb6 49. Ke3 d5 50. Kd4 Bc6 51. Ke5 Kc7 52. Rh1 Nc3 53. Kd4 Nb5+ 54. Kc5 b6+ 55. Kb4 Bd7 56. Rc1+ Kd6 0-1

[Event "IECC CL3-2000.14"]
[Site "IECC email"]
[Date "2000.02.05"]
[Round "?"]
[White "Marcotulli, Giancarlo"]
[Black "Dunn, Paul Michael"]
[Result "1-0"]
[WhiteElo "1777"]
[BlackElo "1829"]
[PlyCount "81"]
[EventDate "2000.??.??"]
[EventType "tourn (corr)"]
[EventRounds "4"]
[SourceTitle "Corr 2008"]
[Source "ChessBase"]
[SourceDate "2008.06.24"]
[SourceVersion "1"]
[SourceVersionDate "2008.06.24"]
[SourceQuality "1"]

1. e4 c5 2. Nf3 d6 3. d4 cxd4 4. Nxd4 Nf6 5. Nc3 a6 6. Be2 e5 7. Nf3 h6 8. Bc4 Qc7 9. Bb3 Be7 10. Be3 0-0 11. 0-0 Nbd7 12. Nd2 b5 13. a3 Bb7 14. Qf3 Nc5 15. Ba2 Ne6 16. Rac1 Rad8 17. Rfe1 Rde8 18. h3 Bd8 19. Qe2 Qd7 20. b4 Nc7 21. Qd3 Qc6 22. Ba7 Be7 23. Nb3 Qd7 24. Rcd1 Ne6 25. Be3 Ba8 26. Na5 Bd8 27. Qxd6 Qxd6 28. Rxd6 Bxa5 29. bxa5 Nxe4 30. Nxe4 Bxe4 31. Rxa6 Bxc2 32. Bd2 Nf4 33. Bb4 Nd3 34. Re2 Nxb4 35. axb4 Bd3 36. Re3 e4 37. Bd5 Re7 38. Rb6 Rfe8 39. Rb7 Rxb7 40. Bxb7 f5 41. a6 1-0

[Event "IECC M email"]
[Site "IECC email"]
[Date "2000.01.22"]
[Round "?"]
[White "Dunn, Paul Michael"]
[Black "Mann, Derek"]
[Result "1-0"]
[WhiteElo "1710"]
[BlackElo "1823"]
[PlyCount "119"]
[EventDate "2000.??.??"]
[EventType "tourn (corr)"]
[EventRounds "2"]
[SourceTitle "Corr 2008"]
[Source "ChessBase"]
[SourceDate "2008.06.24"]
[SourceVersion "1"]
[SourceVersionDate "2008.06.24"]
[SourceQuality "1"]

1. d4 d5 2. c4 e6 3. Nc3 Nf6 4. Bg5 c6 5. e3 Nbd7 6. Nf3 Qa5 7. cxd5 Nxd5 8. Qb3 Bb4 9. Rc1 e5 10. Nxe5 Nxe5 11. dxe5 Be6 12. a3 Bxc3+ 13. bxc3 0-0 14. e4 Nf4 15. Qc2 Qxe5 16. Bxf4 Qxf4 17. Rb1 f5 18. Rxb7 fxe4 19. Rb4 Rae8 20. Rd4 Kh8 21. Qd2 Qf5 22. Qe3 Rb8 23. Be2 c5 24. Rd1 Rb2 25. 0-0 Re8 26. Rd6 Qe5 27. Rfd1 Bb3 28. R6d2 Bxd1 29. Rxb2 Bxe2 30. Rxe2 Qd6 31. f3 c4 32. a4 Qd1+ 33. Re1 Qxa4 34. fxe4 Qd7 35. e5 Qd4 36. e6 Qxe3+ 37. Rxe3 g6 38. Re4 a5 39. Kf2 Kg7 40. Ke3 a4 41. Kd4 a3 42. Re2 Rc8 43. Kd5 h6 44. Rf2 Ra8 45. e7 Rc8 46. Kd6 Ra8 47. Kc5 Re8 48. Kd6 Ra8 49. Ke6 a2 50. Rf7+ Kg8 51. Rf1 h5 52. Kd7 Ra7+ 53. Kd6 Ra8 54. Kd5 Rc8 55. Ra1 Kf7 56. Rxa2 Kxe7 57. Re2+ Kf6 58. g3 Kf5 59. h3 Rd8+ 60. Kxc4 1-0

[Event "IECC M email"]
[Site "IECC email"]
[Date "2000.01.22"]
[Round "?"]
[White "Mann, Derek"]
[Black "Dunn, Paul Michael"]
[Result "0-1"]
[WhiteElo "1807"]
[BlackElo "1771"]
[PlyCount "84"]
[EventDate "2000.??.??"]
[EventType "tourn (corr)"]
[EventRounds "2"]
[SourceTitle "Corr 2008"]
[Source "ChessBase"]
[SourceDate "2008.06.24"]
[SourceVersion "1"]
[SourceVersionDate "2008.06.24"]
[SourceQuality "1"]

1. Nf3 Nf6 2. d4 b6 3. Bf4 e6 4. e4 Nxe4 5. Nbd2 Bb7 6. Nxe4 Bxe4 7. Bd3 Bxd3 8. Qxd3 d5 9. 0-0 Bd6 10. Bxd6 Qxd6 11. c4 dxc4 12. Qxc4 0-0 13. Rac1 c6 14. Ne5 Rc8 15. Rfe1 a6 16. Qb3 b5 17. Qf3 Ra7 18. a4 Qxd4 19. axb5 axb5 20. Rcd1 Qxb2 21. Nxc6 Nxc6 22. Qxc6 Raa8 23. Qb6 Rab8 24. Qe3 Qf6 25. Rd3 Rd8 26. Red1 Rxd3 27. Qxd3 h6 28. Qd7 b4 29. Qd6 Rb5 30. Qd7 Qf5 31. Qc8+ Kh7 32. Qc1 b3 33. Qb1 b2 34. Kf1 Qxb1 35. Rxb1 Kg6 36. Ke2 Kf5 37. Kd3 Ke5 38. Kc2 Kd4 39. h4 Rc5+ 40. Kxb2 Rb5+ 41. Ka1 Rxb1+ 42. Kxb1 Kd3 0-1

[Event "IECC Swiss email"]
[Site "IECC email"]
[Date "1999.11.12"]
[Round "?"]
[White "Dunn, Paul Michael"]
[Black "Jobe, Tom B"]
[Result "0-1"]
[WhiteElo "1823"]
[BlackElo "1715"]
[PlyCount "56"]
[EventDate "1999.??.??"]
[EventType "tourn (corr)"]
[EventRounds "6"]
[SourceTitle "Corr 2008"]
[Source "ChessBase"]
[SourceDate "2008.06.24"]
[SourceVersion "1"]
[SourceVersionDate "2008.06.24"]
[SourceQuality "1"]

1. d4 Nf6 2. c4 g6 3. Nc3 d5 4. cxd5 Nxd5 5. e4 Nxc3 6. bxc3 Bg7 7. Nf3 c5 8. Rb1 0-0 9. Be2 cxd4 10. cxd4 Qa5+ 11. Bd2 Qxa2 12. 0-0 b6 13. Qc1 Qe6 14. Re1 Qxe4 15. Ng5 Qxd4 16. Be3 Qa4 17. Ra1 Qxa1 18. Qxa1 Bxa1 19. Rxa1 Bb7 20. Nf3 Nc6 21. h4 Rfd8 22. g4 e5 23. Kf1 e4 24. Nd2 Nd4 25. Rc1 Nxe2 26. Kxe2 Ba6+ 27. Ke1 Bd3 28. f3 f5 0-1

[Event "IECC M email"]
[Site "IECC email"]
[Date "1999.11.02"]
[Round "?"]
[White "Ventimiglia, Charles"]
[Black "Dunn, Paul Michael"]
[Result "1/2-1/2"]
[WhiteElo "1920"]
[BlackElo "1817"]
[PlyCount "73"]
[EventDate "1999.??.??"]
[EventType "tourn (corr)"]
[EventRounds "6"]
[SourceTitle "Corr 2008"]
[Source "ChessBase"]
[SourceDate "2008.06.24"]
[SourceVersion "1"]
[SourceVersionDate "2008.06.24"]
[SourceQuality "1"]

1. e4 e5 2. Nf3 d6 3. Nc3 Nf6 4. d4 exd4 5. Nxd4 Nbd7 6. Be3 Be7 7. Qd2 0-0 8. 0-0-0 Nb6 9. h3 d5 10. e5 Nfd7 11. Nf5 Nxe5 12. Nxe7+ Qxe7 13. Nxd5 Nxd5 14. Qxd5 Re8 15. Qe4 Nc6 16. Qxe7 Rxe7 17. Bb5 Be6 18. Bc5 Ree8 19. a4 a5 20. Rhe1 Rad8 21. b4 axb4 22. Rxd8 Rxd8 23. Bxc6 bxc6 24. Bxb4 Rd4 25. Rd1 Rxd1+ 26. Kxd1 f6 27. a5 Bc4 28. Kd2 Kf7 29. Ke3 Ke6 30. Kd4 Bb5 31. Kc5 h5 32. g4 hxg4 33. hxg4 g5 34. Bd2 Kd7 35. Be3 Kd8 36. c4 Ba6 37. Bd4 1/2-1/2

[Event "IECC M email"]
[Site "IECC email"]
[Date "1999.10.09"]
[Round "?"]
[White "Ventimiglia, Charles"]
[Black "Dunn, Paul Michael"]
[Result "1-0"]
[WhiteElo "1932"]
[BlackElo "1766"]
[PlyCount "65"]
[EventDate "1999.??.??"]
[EventType "tourn (corr)"]
[EventRounds "6"]
[SourceTitle "Corr 2008"]
[Source "ChessBase"]
[SourceDate "2008.06.24"]
[SourceVersion "1"]
[SourceVersionDate "2008.06.24"]
[SourceQuality "1"]

1. e4 e5 2. Nf3 Nf6 3. Nxe5 d6 4. Nxf7 Kxf7 5. d4 g6 6. Bc4+ Kg7 7. Nc3 c6 8. Bb3 Qe7 9. 0-0 Be6 10. Bg5 Bxb3 11. axb3 Nbd7 12. f4 h6 13. Bh4 Qf7 14. f5 Be7 15. fxg6 Qxg6 16. Rf3 Kh7 17. Rg3 Qh5 18. Qd3 Ng4 19. e5+ Kg7 20. Bxe7 Qxh2+ 21. Kf1 h5 22. Re1 dxe5 23. Re4 Qh1+ 24. Ke2 Kf7 25. Bd6 Rae8 26. Rexg4 hxg4 27. Qf5+ Nf6 28. Ne4 Qh4 29. dxe5 Rh5 30. Qf4 Rh6 31. Re3 Rg6 32. Nxf6 Rxf6 33. Qxf6+ 1-0

[Event "IECC M email"]
[Site "IECC email"]
[Date "1999.09.04"]
[Round "?"]
[White "Ventimiglia, Charles"]
[Black "Dunn, Paul Michael"]
[Result "0-1"]
[WhiteElo "1902"]
[BlackElo "1781"]
[PlyCount "20"]
[EventDate "1999.??.??"]
[EventType "tourn (corr)"]
[EventRounds "6"]
[SourceTitle "Corr 2008"]
[Source "ChessBase"]
[SourceDate "2008.06.24"]
[SourceVersion "1"]
[SourceVersionDate "2008.06.24"]
[SourceQuality "1"]

1. e4 c5 2. f4 d6 3. Nc3 Nc6 4. Bb5 Nf6 5. Nf3 g6 6. e5 dxe5 7. Bxc6+ bxc6 8. Nxe5 Bb7 9. Nxc6 Bxc6 10. Qe2 Bg7 0-1

[Event "IECC M email"]
[Site "IECC email"]
[Date "1999.08.04"]
[Round "?"]
[White "Dunn, Paul Michael"]
[Black "Bass, Stanley"]
[Result "1-0"]
[WhiteElo "1794"]
[BlackElo "1673"]
[PlyCount "71"]
[EventDate "1999.??.??"]
[EventType "tourn (corr)"]
[EventRounds "6"]
[SourceTitle "Corr 2008"]
[Source "ChessBase"]
[SourceDate "2008.06.24"]
[SourceVersion "1"]
[SourceVersionDate "2008.06.24"]
[SourceQuality "1"]

1. c4 e5 2. Nc3 Nf6 3. Nf3 Nc6 4. d4 exd4 5. Nxd4 Bb4 6. Nxc6 Bxc3+ 7. bxc3 bxc6 8. Bg5 0-0 9. Qd4 Re8 10. e3 Re6 11. Be2 h6 12. Bxf6 Rxf6 13. 0-0 Rd6 14. Qe4 Rb8 15. Bd3 g6 16. c5 Re6 17. Qf4 Kg7 18. Qd4+ f6 19. Rab1 Rxb1 20. Rxb1 Re5 21. e4 Re8 22. Rb8 Qe7 23. h3 d5 24. exd5 cxd5 25. Qxd5 Be6 26. Rxe8 Qxe8 27. Qe4 Qf7 28. Qa4 a5 29. a3 Qd7 30. Bb5 Qd5 31. c6 f5 32. Qxa5 Qd1+ 33. Kh2 Qd6+ 34. g3 Bd5 35. Qb4 Qe6 36. Qf4 1-0

[Event "IECC M email"]
[Site "IECC email"]
[Date "1999.07.12"]
[Round "?"]
[White "Mann, Derek"]
[Black "Dunn, Paul Michael"]
[Result "1-0"]
[WhiteElo "1807"]
[BlackElo "1818"]
[PlyCount "89"]
[EventDate "1999.??.??"]
[EventType "tourn (corr)"]
[EventRounds "6"]
[SourceTitle "Corr 2008"]
[Source "ChessBase"]
[SourceDate "2008.06.24"]
[SourceVersion "1"]
[SourceVersionDate "2008.06.24"]
[SourceQuality "1"]

1. Nf3 Nf6 2. d4 d5 3. e3 g6 4. c4 c6 5. Nc3 Bg7 6. Bd3 0-0 7. 0-0 dxc4 8. Bxc4 Nbd7 9. e4 b5 10. Bd3 b4 11. Ne2 c5 12. Qc2 cxd4 13. Bf4 Bb7 14. Bc7 Qe8 15. Nexd4 Rc8 16. Nb5 Nxe4 17. Bxe4 Bxe4 18. Qxe4 a6 19. Qxb4 axb5 20. Rac1 Bh6 21. Rc2 Nb6 22. Rd1 Na8 23. Bf4 Bxf4 24. Rxc8 Bxh2+ 25. Kxh2 Qxc8 26. Qxb5 e6 27. a4 Nc7 28. Qc5 Qb8 29. Qe5 f6 30. Qe2 Rd8 31. Rxd8+ Qxd8 32. Qc4 Qd6+ 33. g3 h5 34. a5 Nd5 35. Qc8+ Kf7 36. Qb7+ Qc7 37. a6 Ke7 38. Nd4 h4 39. Nb5 hxg3+ 40. Kg2 Qd7 41. Kxg3 f5 42. Nc3 Nc7 43. a7 Qd3+ 44. f3 Qd7 45. Nb5 1-0

[Event "IECC STA email"]
[Site "IECC email"]
[Date "1999.04.20"]
[Round "?"]
[White "Henkes, Houston"]
[Black "Dunn, Paul Michael"]
[Result "1-0"]
[WhiteElo "1855"]
[BlackElo "1793"]
[PlyCount "69"]
[EventDate "1999.??.??"]
[EventType "tourn (corr)"]
[EventRounds "6"]
[SourceTitle "Corr 2008"]
[Source "ChessBase"]
[SourceDate "2008.06.24"]
[SourceVersion "1"]
[SourceVersionDate "2008.06.24"]
[SourceQuality "1"]

1. c4 Nf6 2. g3 d5 3. cxd5 Qxd5 4. Nf3 Nc6 5. Nc3 Qa5 6. Bg2 e5 7. d3 Bb4 8. Bd2 0-0 9. 0-0 Qb6 10. Be3 Qa5 11. Qc2 Ng4 12. Bc1 Be6 13. a3 Be7 14. Rb1 a6 15. b4 Qb6 16. Na4 Qb5 17. Bb2 Rfe8 18. Ba1 Rad8 19. Nc5 Bc8 20. h3 Nf6 21. Nxe5 Nxe5 22. Bxe5 Nd5 23. d4 f6 24. Bxd5+ Rxd5 25. Qa2 c6 26. e4 fxe5 27. exd5 Kh8 28. a4 Qb6 29. dxe5 Bxc5 30. bxc5 Qxc5 31. d6 Qxe5 32. Qf7 Qe6 33. Qxe6 Rxe6 34. Rfd1 b5 35. d7 1-0

[Event "IECC Swiss email"]
[Site "IECC email"]
[Date "1999.03.28"]
[Round "?"]
[White "Hassan, William"]
[Black "Dunn, Paul Michael"]
[Result "1-0"]
[WhiteElo "1692"]
[BlackElo "1808"]
[PlyCount "65"]
[EventDate "1999.??.??"]
[EventType "tourn (corr)"]
[EventRounds "6"]
[SourceTitle "Corr 2008"]
[Source "ChessBase"]
[SourceDate "2008.06.24"]
[SourceVersion "1"]
[SourceVersionDate "2008.06.24"]
[SourceQuality "1"]

1. e4 c5 2. Nf3 d6 3. d4 cxd4 4. Nxd4 Nf6 5. Nc3 a6 6. Be2 e5 7. Nb3 Be7 8. Bg5 Nxe4 9. Nxe4 Bxg5 10. Nxd6+ Ke7 11. Nxc8+ Qxc8 12. Qd5 Nc6 13. Qc5+ Ke8 14. 0-0 Be7 15. Qe3 Qe6 16. Rfd1 f5 17. Nc5 Bxc5 18. Qxc5 Nd4 19. Bc4 Qf6 20. c3 Ne6 21. Qd5 Nd8 22. Qd7+ Kf8 23. Rd6 Qe7 24. Qxf5+ Ke8 25. Qh5+ g6 26. Rxg6 hxg6 27. Qxh8+ Kd7 28. Bd3 Rb8 29. Bxg6 Nc6 30. Rd1+ Kc7 31. Qh7 Qxh7 32. Bxh7 b5 33. Be4 1-0

[Event "IECC M email"]
[Site "IECC email"]
[Date "1999.02.14"]
[Round "?"]
[White "Dunn, Paul Michael"]
[Black "Torre, Isidro"]
[Result "0-1"]
[WhiteElo "1778"]
[BlackElo "1967"]
[PlyCount "88"]
[EventDate "1999.??.??"]
[EventType "tourn (corr)"]
[EventRounds "6"]
[SourceTitle "Corr 2008"]
[Source "ChessBase"]
[SourceDate "2008.06.24"]
[SourceVersion "1"]
[SourceVersionDate "2008.06.24"]
[SourceQuality "1"]

1. f4 f5 2. Nf3 Nf6 3. b3 g6 4. Bb2 Bg7 5. e3 0-0 6. Be2 d6 7. 0-0 a6 8. d4 Nc6 9. c4 e5 10. d5 Ne7 11. fxe5 Ng4 12. Qc1 Nxe5 13. Nxe5 dxe5 14. Nc3 Qd6 15. c5 Qd7 16. Bc4 Kh8 17. b4 b6 18. c6 Qd8 19. a3 Ng8 20. Qc2 Nf6 21. Rae1 Qe7 22. Bb3 Rd8 23. Ba2 b5 24. e4 a5 25. bxa5 Rxa5 26. exf5 Bxf5 27. Qe2 Qc5+ 28. Qf2 Qe7 29. Qe2 b4 30. axb4 Qxb4 31. Kh1 Rda8 32. Ba1 Ne4 33. Rc1 Ra3 34. Qc4 Qxc4 35. Bxc4 Nd2 36. Bb2 R3a5 37. Rxf5 gxf5 38. Be2 e4 39. Rc2 Nb3 40. Bd1 Nc5 41. Nb1 Bxb2 42. Rxb2 Nd3 43. Rc2 Ra1 44. Nc3 R8a3 0-1

[Event "IECC M email"]
[Site "IECC email"]
[Date "1999.02.14"]
[Round "?"]
[White "Torre, Isidro"]
[Black "Dunn, Paul Michael"]
[Result "0-1"]
[WhiteElo "1972"]
[BlackElo "1758"]
[PlyCount "56"]
[EventDate "1999.??.??"]
[EventType "tourn (corr)"]
[EventRounds "6"]
[SourceTitle "Corr 2008"]
[Source "ChessBase"]
[SourceDate "2008.06.24"]
[SourceVersion "1"]
[SourceVersionDate "2008.06.24"]
[SourceQuality "1"]

1. e4 c5 2. b4 cxb4 3. a3 d5 4. exd5 Qxd5 5. Nf3 Bg4 6. axb4 Qe4+ 7. Be2 Bxf3 8. gxf3 Qxb4 9. Nc3 Qb6 10. Rb1 Qc7 11. Nb5 Qd7 12. d4 Nf6 13. Bf4 Nd5 14. Be5 Nc6 15. c4 Nxe5 16. cxd5 Ng6 17. Nxa7 Kd8 18. Qb3 Qc7 19. Qa3 e6 20. Qa2 Bd6 21. dxe6 fxe6 22. Kf1 Nf4 23. Rg1 g6 24. Ra1 Qc3 25. Rb1 Qc7 26. h4 Rf8 27. Ra1 Rxa7 28. Qxa7 Nxe2 0-1